000 00776nas a2200253 i 4500
001 1304
003 ES-MaACL
005 20250814062551.0
007 t|
008 950801c1895 fr | | 1 ||re d
022 _a0037-9174
080 _a93/99
245 0 0 _aJournal de la Société des américanistes de Paris.
260 _aParis :
_bSociété des Americanistes,
_c(1895)-
300 _a2 v. ;
_c28 cm.
310 _aAnual
362 0 _aT. 1er, no 1 (1895)-t. 4, no 2 (1903) ; t. 5e (1904) ; nouv. sér., t. 1, no 1 (1903)-
650 4 _aInstituciones científicas y diversas
_913829
650 1 7 _aHistoria
_2embne
_9179933
710 0 _aSociété des Americanistes (
_cParís)
_96848
852 _aES-MaACL
_jHem-783
866 0 _o1947-49.
999 _c1304
_d1304